Protect global earth series / (Record no. 136844)
[ view plain ]
| 000 -LEADER | |
|---|---|
| fixed length control field | 00811nam a2200229 4500 |
| 010 ## - LIBRARY OF CONGRESS CONTROL NUMBER | |
| LC control number | A-597018 |
| 020 ## - INTERNATIONAL STANDARD BOOK NUMBER | |
| International Standard Book Number | 8170245249 |
| 035 ## - SYSTEM CONTROL NUMBER | |
| System control number | A-597018 |
| 037 ## - SOURCE OF ACQUISITION | |
| Source of stock number/acquisition | Cen Lib / Ret |
| 040 ## - CATALOGING SOURCE | |
| Original cataloging agency | DPL |
| Language of cataloging | En |
| 082 ## - DEWEY DECIMAL CLASSIFICATION NUMBER | |
| Classification number | 363.7 |
| Item number | TRI |
| 245 ## - TITLE STATEMENT | |
| Title | Protect global earth series / |
| Statement of responsibility, etc | edited by A. K. Tripathi |
| 260 ## - PUBLICATION, DISTRIBUTION, ETC. (IMPRINT) | |
| Place of publication, distribution, etc | New Dlehi |
| Name of publisher, distributor, etc | Ashish Publishing House |
| Date of publication, distribution, etc | 1993 |
| 270 ## - ADDRESS | |
| Address | 5, Ansari Road |
| City | New Delhi |
| 300 ## - PHYSICAL DESCRIPTION | |
| Extent | (v 1. 302 ; v 2. 278 ; v 4. 314p) ; |
| Dimensions | 24cm(Hb) |
| 490 ## - SERIES STATEMENT | |
| Series statement | Protect global earth series |
| 505 ## - FORMATTED CONTENTS NOTE | |
| Formatted contents note | v 1. Air pollution ; v 2. Understanding Environmental disruption ; v 4 .Ecology and the environment |
| 650 ## - SUBJECT ADDED ENTRY--TOPICAL TERM | |
| Topical term or geographic name as entry element | Environmental protection -- Moral and ethical aspects. |
| 650 ## - SUBJECT ADDED ENTRY--TOPICAL TERM | |
| Topical term or geographic name as entry element | Environmental protection |
| 700 ## - ADDED ENTRY--PERSONAL NAME | |
| Personal name | Tripathi, A. K. |
| 942 ## - ADDED ENTRY ELEMENTS (KOHA) | |
| Source of classification or shelving scheme | Dewey Decimal Classification |
| Koha item type | English Books |
| Classification part | 363.7 |
| Call number suffix | TRI |
| Withdrawn status | Lost status | Source of classification or shelving scheme | Materials specified (bound volume or other part) | Damaged status | Not for loan | Home library | Current library | Date acquired | Source of acquisition | Total Checkouts | Full call number | Barcode | Date last seen | Copy number | Price effective from | Koha item type |
|---|---|---|---|---|---|---|---|---|---|---|---|---|---|---|---|---|
| Dewey Decimal Classification | v 4 | Central Library | Central Library | 10/03/2016 | Cen Lib/Ret | 363.7 TRI | A-597018 | 10/03/2016 | 1 | 10/03/2016 | English Books | |||||
| v 2 | Central Library | Central Library | 11/03/2016 | Cen Lib/Ret | 363.7 TRI | A-597016 | 11/03/2016 | 1 | 11/03/2016 | English Books | ||||||
| v 1 | Central Library | Central Library | 11/03/2016 | Cen Lib/Ret | 363.7 TRI | A-597015 | 11/03/2016 | 1 | 11/03/2016 | English Books |
